Clubs in Premier League - Statistiques

Statistiques générales
  • Ce quiz a été pris 104 fois
  • Le résultat moyen est 5 sur 8
Answers on the Grid
Answers color-coded by a green-red scale on the quiz's grid according to % correct below.
Manchester United
Manchester City
Nottingham Forest
Leicester City
FC Burnley
Ipswich Town
FC Southhampton
AFC Sunderland
FC Accrington
Chelsea
Arsenal
Bristol City
Birmingham City
Derby County
Newcastle United
Girona FC
Celtic Glasgow
Glasgow Rangers
 
Statistiques - réponses
Réponse % Correct
Manchester City
97%
Manchester United
97%
Nottingham Forest
80%
Chelsea
64%
Arsenal
56%
Newcastle United
53%
AFC Sunderland
49%
FC Burnley
46%
Aucun quiz correspondant
Distribution des résultats
% des personnes avec chaque résultat
Percentile par nombre de réponses
Votre historique - résultats
Vous n’avez pas pris ce quiz